The noble scholar, jurist, historian


 His Excellency Dr. Abdul Wahhab bin Ibrahim Abu Sulaiman, may Allah have mercy on him.


 He was born in Umm Al-Qura in the year 1356 AH.

المجموع المغيث في غريبي القرآن والحديث / (Record no. 521)

MARC details
000 -LEADER
fixed length control field 01385cam a2200301 ia4500
003 - CONTROL NUMBER IDENTIFIER
control field SA-RiAUC
005 - DATE AND TIME OF LATEST TRANSACTION
control field 20250527081529.0
008 - FIXED-LENGTH DATA ELEMENTS--GENERAL INFORMATION
fixed length control field 240922s2005____su g i f00000 ara c
040 ## - CATALOGING SOURCE
Original cataloging agency SA-MaHRM
Language of cataloging ara
Transcribing agency SA-RiAUC
Description conventions rda
082 04 - DEWEY DECIMAL CLASSIFICATION NUMBER
Classification number 222.1
Assigning agency SA-RiAUC
090 ## - LOCALLY ASSIGNED LC-TYPE CALL NUMBER (OCLC); LOCAL CALL NUMBER (RLIN)
Classification number (OCLC) (R) ; Classification number, CALL (RLIN) (NR) 222.1
Local cutter number (OCLC) ; Book number/undivided call number, CALL (RLIN) م د ي
100 1# - MAIN ENTRY--PERSONAL NAME
Personal name المديني، محمد بن عمر بن أحمد،
Dates associated with a name 501-581 هجري
Relator term مؤلف.
245 12 - TITLE STATEMENT
Title المجموع المغيث في غريبي القرآن والحديث /
Statement of responsibility, etc. أبو موسى محمد بن أبي بكر بن أبي عيسى المدني الأصفهاني ؛ تحقيق عبد الكريم الغرباوي.
250 ## - EDITION STATEMENT
Edition statement الطبعة الاولى.
264 #1 - PRODUCTION, PUBLICATION, DISTRIBUTION, MANUFACTURE, AND COPYRIGHT NOTICE
Place of production, publication, distribution, manufacture مكة المكرمة :
Name of producer, publisher, distributor, manufacturer جامعة أم القرى، مركز إحياء التراث الإسلامي،
Date of production, publication, distribution, manufacture, or copyright notice 1986
300 ## - PHYSICAL DESCRIPTION
Extent مجلد ؛
Dimensions 24 سم.
336 ## - CONTENT TYPE
Content type term نص
Content type code txt
Source rdacontent
Materials specified كتاب
337 ## - MEDIA TYPE
Media type term بدون وسيط
Media type code n
Source rdamedia
338 ## - CARRIER TYPE
Carrier type term مجلد
Carrier type code nc
Source rdacarrier
490 0# - SERIES STATEMENT
Series statement من التراث الإسلامي
630 27 - SUBJECT ADDED ENTRY--UNIFORM TITLE
Uniform title القرآن
General subdivision غريب
Form subdivision كشافات
Source of heading or term aucut
650 #7 - SUBJECT ADDED ENTRY--TOPICAL TERM
Topical term or geographic name entry element غريب الحديث
Form subdivision كشافات
Source of heading or term aucsh
700 1# - ADDED ENTRY--PERSONAL NAME
Personal name الغرباوي، عبد الكريم
Relator term محقق.
730 22 - ADDED ENTRY--UNIFORM TITLE
Uniform title القرآن
740 22 - ADDED ENTRY--UNCONTROLLED RELATED/ANALYTICAL TITLE
Uncontrolled related/analytical title المجموع المغيث في غريبي القرآن والحديث.
942 ## - ADDED ENTRY ELEMENTS (KOHA)
Source of classification or shelving scheme Dewey Decimal Classification
Koha item type Books
Suppress in OPAC No
949 ## - LOCAL PROCESSING INFORMATION (OCLC)
a SA-JeALM
d 240922
u mohamedma123
n 1
Holdings
Withdrawn status Lost status Source of classification or shelving scheme Materials specified (bound volume or other part) Damaged status Not for loan Home library Current library Date acquired Total checkouts Full call number Barcode Date last seen Price effective from Koha item type
    Dewey Decimal Classification الجزء الثاني     DR AbdElwahab Library DR AbdElwahab Library 09/24/2024   222.1 م د ي 000000740 09/24/2024 09/24/2024 Books
    Dewey Decimal Classification الجزء الثاني     DR AbdElwahab Library DR AbdElwahab Library 05/23/2025   222.1 م د ي 000013751 05/23/2025 05/23/2025 Books
    Dewey Decimal Classification الجزء الثاني     DR AbdElwahab Library DR AbdElwahab Library 05/23/2025   222.1 م د ي 000013752 05/23/2025 05/23/2025 Books
    Dewey Decimal Classification الجزء الاول     DR AbdElwahab Library DR AbdElwahab Library 05/27/2025   222.1 م د ي 000014093 05/27/2025 05/27/2025 Books
    Dewey Decimal Classification الجزء الثالث     DR AbdElwahab Library DR AbdElwahab Library 05/27/2025   222.1 م د ي 000014094 05/27/2025 05/27/2025 Books
    Dewey Decimal Classification الجزء الثالث     DR AbdElwahab Library DR AbdElwahab Library 06/03/2025   222.1 م د ي 000013963 06/03/2025 06/03/2025 Books
    Dewey Decimal Classification الجزء الثالث     DR AbdElwahab Library DR AbdElwahab Library 06/03/2025   222.1 م د ي 000013964 06/03/2025 06/03/2025 Books